[Event "GER-ch41 final email"]
[Site "GER email"]
[Date "2012.03.10"]
[Round "?"]
[White "Mantovanelli, Marco"]
[Black "Engelhardt, Georg"]
[Result "0-1"]
[WhiteElo "2045"]
[BlackElo "2154"]
[PlyCount "26"]
[EventDate "2011.09.12"]
[EventType "tourn (corr)"]
[EventRounds "19"]
[EventCountry "GER"]
[SourceTitle "Corr 2015"]
[Source "ChessBase"]
[SourceDate "2015.07.17"]
[SourceVersion "1"]
[SourceVersionDate "2015.07.17"]
[SourceQuality "1"]

1. e4 c5 2. Nf3 Nc6 3. d4 cxd4 4. Nxd4 Qb6 5. Nc3 Qxd4 6. Bd3 Nf6 7. 0-0 Qb6 8. Rb1 e6 9. Be3 Qd8 10. Qe2 Be7 11. Rbd1 d6 12. f4 Bd7 13. Kh1 0-0 0-1

[Event "GER-ch41 final email"]
[Site "GER email"]
[Date "2012.03.10"]
[Round "?"]
[White "Mantovanelli, Marco"]
[Black "Firnhaber, Ingo"]
[Result "0-1"]
[WhiteElo "2045"]
[BlackElo "2262"]
[PlyCount "70"]
[EventDate "2011.09.12"]
[EventType "tourn (corr)"]
[EventRounds "19"]
[EventCountry "GER"]
[SourceTitle "Corr 2015"]
[Source "ChessBase"]
[SourceDate "2015.07.17"]
[SourceVersion "1"]
[SourceVersionDate "2015.07.17"]
[SourceQuality "1"]

1. e4 e5 2. Nf3 Nc6 3. Bb5 a6 4. Ba4 Nf6 5. 0-0 b5 6. Bb3 Bb7 7. Re1 Bc5 8. c3 d6 9. d4 Bb6 10. Be3 0-0 11. Nbd2 h6 12. h3 exd4 13. cxd4 Ne7 14. Bc2 c5 15. d5 Nh7 16. Bf4 c4 17. a3 f5 18. exf5 Qc7 19. Qe2 Rf7 20. b3 Nxd5 21. Bg3 Re7 22. Qf1 c3 23. Ne4 Rd8 24. Bh4 Ndf6 25. Nxf6+ gxf6 26. Rxe7 Qxe7 27. Qd3 Qf7 28. Nd4 Qh5 29. Qg3+ Kh8 30. Bd1 Qf7 31. Qxc3 Qd5 32. Nc6 Bxc6 33. Bxf6+ Nxf6 34. Qxf6+ Kg8 35. Qg6+ Kf8 0-1

[Event "GER Cup6 Pyramid email"]
[Site "GER email"]
[Date "2012.01.04"]
[Round "?"]
[White "Leupold, Volker"]
[Black "Mantovanelli, Marco"]
[Result "1-0"]
[WhiteElo "2090"]
[BlackElo "2203"]
[PlyCount "76"]
[EventDate "2012.01.08"]
[EventType "tourn (corr)"]
[EventRounds "4"]
[EventCountry "GER"]
[SourceTitle "Corr 2020"]
[Source "ChessBase"]
[SourceDate "2019.09.30"]
[SourceVersion "1"]
[SourceVersionDate "2019.09.30"]
[SourceQuality "1"]

1. e4 c5 2. Nf3 d6 3. d4 cxd4 4. Nxd4 Nf6 5. Nc3 a6 6. Be3 e5 7. Nb3 Be6 8. f3 Be7 9. Qd2 0-0 10. 0-0-0 Nbd7 11. g4 b5 12. g5 b4 13. Nd5 Nxd5 14. exd5 Bf5 15. h4 a5 16. Bd3 Bg6 17. Bxg6 fxg6 18. Qd3 Rxf3 19. Nd2 Rf7 20. Rdf1 Rxf1+ 21. Rxf1 Rc8 22. b3 Qc7 23. Nc4 a4 24. Bg1 axb3 25. axb3 Ra8 26. Qh3 Kh8 27. Rf7 Re8 28. Qg4 Nc5 29. Kb1 Kg8 30. Nxd6 Qxd6 31. Bxc5 Qxc5 32. Qe6 Qd6 33. Rxe7+ Qxe6 34. Rxe6 Rc8 35. Rxe5 h6 36. Re4 hxg5 37. hxg5 Rd8 38. Rd4 Kf8 1-0

[Event "GER Cup6 Pyramid email"]
[Site "GER email"]
[Date "2012.01.04"]
[Round "?"]
[White "Mantovanelli, Marco"]
[Black "Mehlhorn, Uwe"]
[Result "0-1"]
[WhiteElo "2203"]
[BlackElo "2151"]
[PlyCount "37"]
[EventDate "2012.01.08"]
[EventType "tourn (corr)"]
[EventRounds "4"]
[EventCountry "GER"]
[SourceTitle "Corr 2020"]
[Source "ChessBase"]
[SourceDate "2019.09.30"]
[SourceVersion "1"]
[SourceVersionDate "2019.09.30"]
[SourceQuality "1"]

1. e4 d6 2. d4 g6 3. Nc3 Bg7 4. Nf3 Nf6 5. Be2 0-0 6. 0-0 e6 7. Bg5 h6 8. Be3 Nc6 9. h3 b6 10. Qd2 Kh7 11. Rfd1 Bb7 12. Bd3 a6 13. Rac1 e5 14. d5 Ne7 15. a3 Nd7 16. g4 Nc5 17. g5 Nxd3 18. cxd3 h5 19. d4 0-1

[Event "GER Cup6 Pyramid email"]
[Site "GER email"]
[Date "2012.01.04"]
[Round "?"]
[White "Mehlhorn, Uwe"]
[Black "Mantovanelli, Marco"]
[Result "1-0"]
[WhiteElo "2151"]
[BlackElo "2203"]
[PlyCount "52"]
[EventDate "2012.01.08"]
[EventType "tourn (corr)"]
[EventRounds "4"]
[EventCountry "GER"]
[SourceTitle "Corr 2020"]
[Source "ChessBase"]
[SourceDate "2019.09.30"]
[SourceVersion "1"]
[SourceVersionDate "2019.09.30"]
[SourceQuality "1"]

1. b4 e5 2. Bb2 Bxb4 3. Bxe5 Nf6 4. e3 Nc6 5. Bb2 d5 6. Nf3 0-0 7. c4 Qe7 8. a3 Ba5 9. cxd5 Nxd5 10. Be2 Bf5 11. Qb3 Rad8 12. Nc3 Be6 13. Qc2 Nxc3 14. Bxc3 Bd5 15. 0-0 Bxc3 16. Qxc3 Rd6 17. Rfc1 Rfd8 18. Rab1 Bxf3 19. Bxf3 Rxd2 20. Bxc6 bxc6 21. Qxc6 Qxa3 22. Qxc7 Qd3 23. g3 h6 24. Qxa7 Qf5 25. e4 Qxe4 26. Rb8 Qf3 1-0

[Event "GER-ch41 final email"]
[Site "GER email"]
[Date "2011.09.10"]
[Round "?"]
[White "Mantovanelli, Marco"]
[Black "Mehlhorn, Uwe"]
[Result "0-1"]
[WhiteElo "2045"]
[BlackElo "2098"]
[PlyCount "57"]
[EventDate "2011.09.12"]
[EventType "tourn (corr)"]
[EventRounds "19"]
[EventCountry "GER"]
[SourceTitle "Corr 2015"]
[Source "ChessBase"]
[SourceDate "2015.07.17"]
[SourceVersion "1"]
[SourceVersionDate "2015.07.17"]
[SourceQuality "1"]

1. e4 d6 2. d4 g6 3. Nc3 Bg7 4. Nf3 Nf6 5. Be2 0-0 6. 0-0 e6 7. Bg5 h6 8. Be3 Kh7 9. h3 Nc6 10. a3 e5 11. dxe5 dxe5 12. Bb5 Bd7 13. Re1 Re8 14. Qe2 Nd4 15. Nxd4 exd4 16. Bxd4 Bxb5 17. Nxb5 Rxe4 18. Qc4 Re7 19. Rad1 c6 20. Nc3 Kg8 21. Re3 Rd7 22. Rdd3 Nd5 23. Nxd5 Rxd5 24. Bxg7 Kxg7 25. Rxd5 cxd5 26. Qb4 b6 27. Re7 d4 28. Re4 d3 29. Qc3+ 0-1

[Event "GER-ch41 final email"]
[Site "GER email"]
[Date "2011.09.10"]
[Round "?"]
[White "Schilcher, Adrian"]
[Black "Mantovanelli, Marco"]
[Result "1-0"]
[WhiteElo "2306"]
[BlackElo "2045"]
[PlyCount "31"]
[EventDate "2011.09.12"]
[EventType "tourn (corr)"]
[EventRounds "19"]
[EventCountry "GER"]
[SourceTitle "Corr 2015"]
[Source "ChessBase"]
[SourceDate "2015.07.17"]
[SourceVersion "1"]
[SourceVersionDate "2015.07.17"]
[SourceQuality "1"]

1. e4 c5 2. Nf3 d6 3. d4 cxd4 4. Nxd4 Nf6 5. Nc3 a6 6. Be3 e5 7. Nb3 Be6 8. Qd2 Nbd7 9. f3 h5 10. 0-0-0 Be7 11. Kb1 b5 12. Nd5 Bxd5 13. exd5 Nb6 14. Bxb6 Qxb6 15. Na5 Rc8 16. Bd3 1-0

[Event "GER-ch41 final email"]
[Site "GER email"]
[Date "2011.09.10"]
[Round "?"]
[White "Zejewski, Paul"]
[Black "Mantovanelli, Marco"]
[Result "1-0"]
[WhiteElo "2199"]
[BlackElo "2045"]
[PlyCount "71"]
[EventDate "2011.09.12"]
[EventType "tourn (corr)"]
[EventRounds "19"]
[EventCountry "GER"]
[SourceTitle "Corr 2015"]
[Source "ChessBase"]
[SourceDate "2015.07.17"]
[SourceVersion "1"]
[SourceVersionDate "2015.07.17"]
[SourceQuality "1"]

1. e4 c5 2. Nf3 d6 3. d4 cxd4 4. Nxd4 Nf6 5. Nc3 a6 6. h3 e5 7. Nde2 h5 8. Bg5 Be6 9. Bxf6 Qxf6 10. Nd5 Qd8 11. Nec3 g6 12. Bc4 Bh6 13. Qd3 b5 14. Bb3 Nd7 15. Qf3 Nc5 16. Nf6+ Kf8 17. Bxe6 Nxe6 18. Nfd5 Qg5 19. 0-0 Nd4 20. Qd3 Qd2 21. a4 Nxc2 22. Qf3 Nxa1 23. Qf6 Rh7 24. Rxa1 Qxb2 25. Qxd6+ Kg8 26. Rb1 Qc2 27. axb5 axb5 28. Rxb5 Qc1+ 29. Kh2 Qg5 30. Nf6+ Kg7 31. Ncd5 Rhh8 32. Rb3 Rhd8 33. Qc7 Rac8 34. Qb6 Kh8 35. Rg3 Qd2 36. Nxh5 1-0

[Event "GER Cup5 Pyramid email"]
[Site "GER email"]
[Date "2011.01.03"]
[Round "?"]
[White "Blank, Wolfgang"]
[Black "Mantovanelli, Marco"]
[Result "1-0"]
[WhiteElo "2223"]
[BlackElo "2203"]
[PlyCount "20"]
[EventDate "2011.01.10"]
[EventType "tourn (corr)"]
[EventRounds "8"]
[EventCountry "GER"]
[SourceTitle "Corr 2015"]
[Source "ChessBase"]
[SourceDate "2015.07.17"]
[SourceVersion "1"]
[SourceVersionDate "2015.07.17"]
[SourceQuality "1"]

1. e4 c5 2. Nf3 Nc6 3. d4 cxd4 4. Nxd4 Nf6 5. Nc3 d6 6. Bg5 e6 7. Qd2 Be7 8. 0-0-0 0-0 9. f4 Nxd4 10. Qxd4 h6 1-0

[Event "GER Cup5 Pyramid email"]
[Site "GER email"]
[Date "2011.01.03"]
[Round "?"]
[White "Leupold, Volker"]
[Black "Mantovanelli, Marco"]
[Result "1-0"]
[WhiteElo "2062"]
[BlackElo "2203"]
[PlyCount "77"]
[EventDate "2011.01.10"]
[EventType "tourn (corr)"]
[EventRounds "8"]
[EventCountry "GER"]
[SourceTitle "Corr 2015"]
[Source "ChessBase"]
[SourceDate "2015.07.17"]
[SourceVersion "1"]
[SourceVersionDate "2015.07.17"]
[SourceQuality "1"]
[WhiteTeam "Germany"]
[BlackTeam "Germany"]
[WhiteTeamCountry "GER"]
[BlackTeamCountry "GER"]

1. e4 c5 2. Nf3 Nc6 3. d4 cxd4 4. Nxd4 Nf6 5. Nc3 d6 6. Bg5 e6 7. Qd2 a6 8. Nxc6 bxc6 9. 0-0-0 h6 10. Bf4 d5 11. Qe3 Bb4 12. a3 Ba5 13. Be2 0-0 14. e5 Nd7 15. Qg3 Kh8 16. Qh3 Kg8 17. Rd3 Bc7 18. Rg3 Nxe5 19. Qxh6 Ng6 20. Bxc7 Qxc7 21. Qg5 Qf4+ 22. Qxf4 Nxf4 23. Bf1 e5 24. Na4 Ne6 25. h4 Nd4 26. Kd2 a5 27. b3 Ra7 28. Nc5 Nf5 29. Rg5 f6 30. Rg4 Nd4 31. Rg3 e4 32. Be2 Kh7 33. a4 Re7 34. b4 axb4 35. Rb1 f5 36. f4 Nxe2 37. Kxe2 d4 38. Rxb4 Rd8 39. Kd2 1-0

[Event "GER Cup5 Pyramid email"]
[Site "GER email"]
[Date "2011.01.03"]
[Round "?"]
[White "Mantovanelli, Marco"]
[Black "Tiemann, Hagen"]
[Result "1/2-1/2"]
[WhiteElo "2203"]
[BlackElo "2195"]
[PlyCount "54"]
[EventDate "2011.01.10"]
[EventType "tourn (corr)"]
[EventRounds "8"]
[EventCountry "GER"]
[SourceTitle "Corr 2015"]
[Source "ChessBase"]
[SourceDate "2015.07.17"]
[SourceVersion "1"]
[SourceVersionDate "2015.07.17"]
[SourceQuality "1"]
[WhiteTeam "Germany"]
[BlackTeam "Germany"]
[WhiteTeamCountry "GER"]
[BlackTeamCountry "GER"]

1. e4 c5 2. Nf3 d6 3. d4 cxd4 4. Nxd4 Nf6 5. Nc3 a6 6. Be2 e5 7. Nb3 Be7 8. 0-0 0-0 9. Be3 Be6 10. Qd2 Nbd7 11. a4 Nb6 12. a5 Nc4 13. Bxc4 Bxc4 14. Rfd1 Rc8 15. Nc1 d5 16. Bb6 Qe8 17. exd5 Bb4 18. d6 Qd7 19. Nd3 Bxd6 20. Nxe5 Bxe5 21. Qxd7 Nxd7 22. Rxd7 Bxc3 23. bxc3 Bb5 24. Rxb7 Rxc3 25. Ra2 Rfc8 26. Rb2 h6 27. h4 Rxc2 1/2-1/2